HBO's The Last of Us (2023-): Characters by Picture - Statistics

General Stats
  • This quiz has been taken 11 times
  • The average score is 17 of 28
Answer Stats
Picture Answer % Correct
Abby
100%
Ellie
100%
Joel
100%
Tommy
100%
Bill
78%
Dina
78%
Jesse
78%
Marlene
78%
Riley
78%
David
67%
Frank
67%
Maria
67%
Sam
67%
Sarah
67%
Tess
67%
Henry
56%
Isaac
56%
Manny
56%
Mel
56%
Anna
44%
James
44%
Nora
44%
Owen
44%
Seth
44%
Eugene
33%
Gail
33%
Kathleen
22%
Perry
22%
No matching quizzes found
Score Distribution
Percent of People with Each Score
Percentile by Number Answered
Your Score History
You have not taken this quiz